000 01503nam0a2200337 4500
001 RU\NLR\bibl\1264833
005 20250615132251.0
021 _aRU
_b2008-50533
_92798
035 _a(NLR Aleph) 001250786
090 _a317703
_c317703
100 _a20080822d2007 |||y0rusy50 ca
101 0 _arus
_deng
102 _aRU
105 _aa |||||||||
200 1 _aБалансно-характеристический метод численного решения одномерных задач аэроакустики
_fВ.М. Головизнин, С.А. Карабасов, Т.К. Козубская, Н.В. Максимов
210 _aМосква
_cИБРАЭ
_d2007
215 _a22 с.
_cил.
_d29
225 1 _aПрепринт ИБРАЭ
_fРос. акад. наук, Ин-т пробл. безопас. развития атом. энергетики
_vN IBRAE-2007-08
300 _aРез. на англ. яз.
320 _aБиблиогр.: с. 21-22 (14 назв.)
606 1 _aАэроакустика
_xЗадачи
_xРешение
_xЧисленные методы
_92454190
_3RU\NLR\auth\661458925
686 _aВ253.33с115
701 1 _aГоловизнин
_bВ. М.
_gВасилий Михайлович
_4070
701 1 _aКарабасов
_bС. А.
_4070
701 1 _aКозубская
_bТ. К.
_4070
701 1 _aМаксимов
_bН. В.
_4070
801 0 _aRU
_bNLR
_c20080822
_gRCR
801 1 _aRU
_bNLR
_c20080822
942 _cBOOK
980 _aNB